Bohatství, vědomosti a násilí. Prognostická vize A. Tofflera.

Informácia o knihe Alvina Tofflera "Posun moci" (Powershift). Kniha popisuje rastúci boj o moc, ktorému čelí naša priemyselná civilizácia strácajúca svoje dominantné postavenie. Vyrastá celkom nový systém tvorby bohatstva, v ktorom hrá hlavnú úlohu informácia. Nový systém zbohatnutia závisí od nepre...

Full description

Saved in:
Bibliographic Details
Format: Book Chapter
Language:Czech
Subjects:
Tags: Add Tag
No Tags, Be the first to tag this record!

MARC

LEADER 00000naa a2200000 4500
001 r001599
005 20221125075939.0
041 0 |a cze 
044 |a [CS] 
245 1 0 |a Bohatství, vědomosti a násilí.  |b Prognostická vize A. Tofflera. 
520 |a Informácia o knihe Alvina Tofflera "Posun moci" (Powershift). Kniha popisuje rastúci boj o moc, ktorému čelí naša priemyselná civilizácia strácajúca svoje dominantné postavenie. Vyrastá celkom nový systém tvorby bohatstva, v ktorom hrá hlavnú úlohu informácia. Nový systém zbohatnutia závisí od nepretržitej komunikácie, rozširovania údajov, myšlienok, symbolov. Vzniká symbolická ekonomika. 
610 2 0 |a informácie 
610 2 0 |a knihy 
610 2 0 |a Toffler, A. 
610 2 0 |a civilizácia 
610 2 0 |a revolúcia vedeckotechnická 
610 2 0 |a komunikácia 
610 2 0 |a boj politický 
610 2 0 |a bohatstvo národné